| 000 | 01638nam0a2200313 4500 | ||
|---|---|---|---|
| 001 | RU\NLR\bibl\1449275 | ||
| 005 | 20260405071050.0 | ||
| 010 |
_a978-5-87237-684-2 _9200 |
||
| 021 |
_aRU _b2009-84398 _95307 |
||
| 035 | _a(NLR Aleph) 001441102 | ||
| 090 |
_a1463514 _c1463514 |
||
| 100 | _a20091207d2009 |||y0rusy50 ca | ||
| 101 | 0 | _arus | |
| 102 | _aRU | ||
| 105 | _aa ||||||||| | ||
| 200 | 1 |
_aОсновы ведения бухгалтерского и налогового учета на персональном компьютере с использованием программного продукта "1С:Бухгалтерия 8" _eучебное пособие _fД. А. Беляев _g[Сыктывк. гос. ун-т, Ин-т доп. проф. образования] |
|
| 210 |
_aСыктывкар _cСыктывкарский университет _d2009 |
||
| 215 |
_a112 с. _cил. _d20 |
||
| 300 | _aНа 111-й с. авт.: Д.А. Беляев, к.э.н., доц. | ||
| 320 | _aБиблиогр.: с. 86 (17 назв.) | ||
| 606 | 1 |
_a"1С: Бухгалтерия, 8", автоматизированная система _jУчебные издания для высших учебных заведений _92474203 _3RU\NLR\auth\661469225 |
|
| 686 | _aУ052.9(2)2-211.853я73 | ||
| 700 | 1 |
_4070 _8rus _7ca _aБеляев _bД. А. _cканд. экон. наук, информ. технологии _f1976- _gДмитрий Анатольевич _3RU\NLR\AUTH\7724224 _97275 |
|
| 801 | 0 |
_aRU _bNLR _c20091207 _gRCR |
|
| 801 | 1 |
_aRU _bNLR _c20091207 |
|
| 942 | _cBOOK | ||
| 980 | _aNB | ||